Who shall ascend : (Record no. 6992)
[ view plain ]
| 000 -LEADER | |
|---|---|
| fixed length control field | 01210cam a2200325 4500 |
| 001 - CONTROL NUMBER | |
| control field | 436827 |
| 003 - CONTROL NUMBER IDENTIFIER | |
| control field | OCoLC |
| 005 - DATE AND TIME OF LATEST TRANSACTION | |
| control field | 20190122110344.0 |
| 008 - FIXED-LENGTH DATA ELEMENTS--GENERAL INFORMATION | |
| fixed length control field | 680301s1968 nyubc 000 0beng |
| 010 ## - LIBRARY OF CONGRESS CONTROL NUMBER | |
| LC control number | 68011732 |
| 035 ## - SYSTEM CONTROL NUMBER | |
| System control number | (OCoLC)436827 |
| Canceled/invalid control number | (OCoLC)1442643 |
| 040 ## - CATALOGING SOURCE | |
| Original cataloging agency | DLC |
| Language of cataloging | eng |
| Transcribing agency | DLC |
| Modifying agency | BTCTA |
| -- | OCLCG |
| -- | OCLCO |
| -- | SJG |
| -- | OCLCF |
| -- | OCLCQ |
| -- | CIRBC |
| 043 ## - GEOGRAPHIC AREA CODE | |
| Geographic area code | nccr--- |
| 050 00 - LIBRARY OF CONGRESS CALL NUMBER | |
| Classification number | BV2843.C7 |
| Item number | S75 |
| 082 00 - DEWEY DECIMAL CLASSIFICATION NUMBER | |
| Classification number | 266 |
| Item number | E46W |
| 092 0# - LOCALLY ASSIGNED DEWEY CALL NUMBER (OCLC) | |
| Classification number | 266.0092 |
| Item number | S8945e |
| 100 1# - MAIN ENTRY--PERSONAL NAME | |
| Personal name | Elliot, Elisabeth. |
| 245 10 - TITLE STATEMENT | |
| Title | Who shall ascend : |
| Remainder of title | the life of R. Kenneth Strachan of Costa Rica / |
| Statement of responsibility, etc. | by Elisabeth Elliot. |
| 250 ## - EDITION STATEMENT | |
| Edition statement | [1st ed.]. |
| 260 ## - PUBLICATION, DISTRIBUTION, ETC. | |
| Place of publication, distribution, etc. | New York : |
| Name of publisher, distributor, etc. | Harper & Row, |
| Date of publication, distribution, etc. | [1968] |
| 300 ## - PHYSICAL DESCRIPTION | |
| Extent | xii, 171 pages : |
| Other physical details | map (on lining paper), portraits ; |
| Dimensions | 22 cm |
| 336 ## - CONTENT TYPE | |
| Content type term | text |
| Content type code | txt |
| Source | rdacontent |
| 337 ## - MEDIA TYPE | |
| Media type term | unmediated |
| Media type code | n |
| Source | rdamedia |
| 338 ## - CARRIER TYPE | |
| Carrier type term | volume |
| Carrier type code | nc |
| Source | rdacarrier |
| 520 ## - SUMMARY, ETC. | |
| Summary, etc. | Wherever he was, missionary Kenneth Strachan changed the lives of countless people. |
| 600 10 - SUBJECT ADDED ENTRY--PERSONAL NAME | |
| Personal name | Strachan, R. Kenneth |
| Fuller form of name | (Robert Kenneth), |
| Dates associated with a name | 1910-1965. |
| 650 #0 - SUBJECT ADDED ENTRY--TOPICAL TERM | |
| Topical term or geographic name entry element | Missions |
| Geographic subdivision | Costa Rica. |
| 776 08 - ADDITIONAL PHYSICAL FORM ENTRY | |
| Relationship information | Online version: |
| Main entry heading | Elliot, Elisabeth. |
| Title | Who shall ascend. |
| Edition | [1st ed.]. |
| Place, publisher, and date of publication | New York, Harper & Row [1968] |
| Record control number | (OCoLC)761198420 |
| 942 ## - ADDED ENTRY ELEMENTS (KOHA) | |
| Source of classification or shelving scheme | Dewey Decimal Classification |
| Koha item type | Books |
| Withdrawn status | Lost status | Source of classification or shelving scheme | Damaged status | Not for loan | Collection code | Home library | Current library | Shelving location | Date acquired | Cost, normal purchase price | Total Checkouts | Full call number | Barcode | Date last seen | Price effective from | Koha item type |
|---|---|---|---|---|---|---|---|---|---|---|---|---|---|---|---|---|
| Dewey Decimal Classification | Non-fiction | Harvest Mission College | Harvest Mission College | General Stacks | 22.01.2019 | 1350.00 | 266 E46W | 007860 | 22.01.2019 | 22.01.2019 | Books |
